Language Quiz

Random Language or Latin Quiz

AS Latin Vocab A-D (OCR) Quiz Stats

 Plays Quiz not verified by Sporcle

Also try: Sounds Fishy
Challenge
Share
Tweet
Embed
Score 0/195 Timer 20:00
0 Plays Today
Latin English % Correct
amolove
88.7%
amorlove
88.5%
ambulowalk
87.8%
bonusgood
87.8%
dicosay
87.8%
corpusbody
87.7%
credobelieve
87.7%
amica/amicusgirl-friend
87.5%
caputhead
87.4%
aquawater
87.2%
brevisshort
87.2%
consumoeat
87.2%
diligenscareful
87.2%
adto
87%
aedificobuild
87%
annusyear
87%
arbortree
87%
bellumwar
87%
domushouse
87%
clamoshout
86.9%
contraagainst
86.9%
cur?why
86.9%
dividodivide
86.9%
dominusmaster
86.9%
ac, atqueand
86.7%
audiohear
86.7%
civiscitizen
86.7%
clamorshout
86.7%
dogive
86.7%
dormiosleep
86.7%
duxleader
86.7%
armaarms
86.5%
castracamp
86.5%
clarusclear
86.5%
comparoprepare
86.5%
cum (preposition)with
86.5%
dea/deusgoddess
86.5%
defendodefend
86.5%
diesday
86.5%
aedificiumbuilding
86.4%
antebefore
86.4%
canisdog
86.4%
captivuscaptive
86.4%
donumgift
86.4%
animusspirit
86.2%
anteabefore
86.2%
arsart
86.2%
causacause
86.2%
consulconsul
86.2%
accidohappen
86%
debeoowe
86%
difficilisdifficult
86%
alterthe other
85.9%
currorun
85.9%
deabout
85.9%
ducolead
85.9%
dumwhile
85.9%
a, abfrom
85.7%
altushigh
85.7%
antequambefore
85.7%
appareoappear
85.7%
cum (conjunction)when
85.7%
custodioguard
85.7%
auxiliumhelp
85.6%
ceterirest
85.6%
Latin English % Correct
circum, circaaround
85.6%
condemnoconvict
85.6%
cibusfood
85.4%
crudeliscruel
85.4%
accipioaccept
85.2%
benewell
85.2%
celerquick
85.2%
descendodescend
85.2%
dexterright
85.2%
aliusother
85.1%
caelumsky
85.1%
advenioarrive
84.9%
crimenaccusation
84.9%
dubitodoubt
84.9%
appropinquoapproach
84.6%
conortry
84.6%
contendohurry
84.6%
argentumsilver
84.4%
capiotake
84.4%
custosguard
84.4%
diufor a long time
84.1%
agerfield
83.9%
doceoteach
83.9%
crastomorrow
83.7%
deinde, deinthen
83.7%
alii...aliisome...others
83.6%
centuriocenturion
83.6%
committocommit
83.6%
apudamong
83.4%
deleodestroy
83.4%
addoadd
83.3%
adulescensyouth
83.3%
audaxbold
83.3%
cognoscoget to know
83.3%
cupiodesire
83.3%
cohorscohort
83.1%
comescomrade
83.1%
curacare
83.1%
adiuvohelp
82.9%
consiliumcouncil
82.9%
gratias agogive thanks
82.8%
dextraright hand
82.6%
ascendoclimb
82.4%
autembut
82.3%
certuscertain
82.3%
agodo
82.1%
autor
82.1%
cogitothink
81.8%
coniunxhusband
81.4%
civitascitizenship
81%
adversusagainst
80.5%
adsumbe here
80.3%
desperodespair
80.3%
celohide
80.1%
audeodare
80%
cadofall
80%
copiaetroops
80%
aequusequal
79.6%
durusharsh
79.6%
absumbe absent
79.3%
aquilaeagle
79.3%
attonitusastonished
79.3%
defessustired
79.1%
dignitasrank
79%
acerkeen
78.8%
Latin English % Correct
anor
78.8%
cotidieevery day
78.8%
discolearn
78.8%
dubiusdoubtful
78.5%
aliquissomeone
78.3%
atbut
78.3%
constituodecide
78.3%
cogoforce
77.7%
aggrediorattack
77.5%
bistwice
77.5%
campusplain
77.3%
carusdear
77%
aperioopen
76.7%
canosing
76.7%
dissimilisdifferent
76.7%
confidotrust
76.5%
adeoso much
76.2%
auferotake away
76.2%
conspicionotice
76.2%
culpafault
76%
divesrich
76%
agmencolumn of men
75.9%
consuloconsult
75.7%
divitiaeriches
75.5%
dolorpain
75.5%
coepibegan
75.4%
bonagoods
74.7%
curocare for
74.5%
aciesline
74.1%
dimittodismiss
74.1%
angustusnarrow
73.6%
clamsecretly
73.4%
arcessosummon
73.2%
caedesslaughter
72.7%
augeoincrease
72.6%
araaltar
72.2%
decipiodeceive
71.9%
cingosurround
71.8%
conficiocomplete
71.3%
discedodeaprt
70.9%
beneficiumkindness
70.8%
deniqueat last
70.8%
amittolose
70.6%
animadvertonotice
69.5%
dirusdreadful
69.1%
adhuctill now
68%
adipiscorobtain
67.8%
colocultivate
67.8%
caveobeware
67.7%
doleohurt
67.5%
certiorem facereinform
67.2%
cunctusall
66.2%
certamencontest
65%
cupiduseager
64.5%
cladesdisaster
63.1%
corripioseize
62.6%
dignusworthy
62.6%
condofound
61.9%
cernosee
60.8%
consistohalt
58.6%
desinocease
57.6%
adimotake away
57.3%
dolustrick
56.2%
cedoyield
54.8%
conferocollect
51.1%

You're not logged in!

Compare scores with friends on all Sporcle quizzes.
Join for Free
OR
Log In

You Might Also Like...

Show Comments

Extras

Top Quizzes Today


Score Distribution

Your Account Isn't Verified!

In order to create a playlist on Sporcle, you need to verify the email address you used during registration. Go to your Sporcle Settings to finish the process.

Report this User

Report this user for behavior that violates our Community Guidelines.

Details: